Normal view
MARC view
- AUSLANDER, D. M,RABINS, M. J,TAKAASHI, Y
Entry Personal Name
001 - CONTROL NUMBER
- control field: 77552
003 - CONTROL NUMBER IDENTIFIER
- control field: NUST
005 - DATE AND TIME OF LATEST TRANSACTION
- control field: 20210628205934.0
008 - FIXED-LENGTH DATA ELEMENTS
- fixed length control field: 210628|| aca||aabn | a|a d
040 ## - CATALOGING SOURCE
- Original cataloging agency: NUST
- Transcribing agency: NUST
100 ## - HEADING--PERSONAL NAME
- Personal name: AUSLANDER, D. M,RABINS, M. J,TAKAASHI, Y
670 ## - SOURCE DATA FOUND
- Source citation: Work cat.: (NUST): AUSLANDER, D. M,RABINS, M. J,TAKAASHI, Y, INTRODUCING SYSTEMS AND CONTROL, 1991
